Pokémon - Les attaques de Géolithe - Statistiques

Statistiques générales
  • Ce quiz a été pris 14 fois
  • Le résultat moyen est 10 sur 14
Statistiques - réponses
Niveaux Types Noms des attaques % Correct
Départ Normal Charge
100%
Départ Normal Armure
91%
Niveau 36 Roche Boule Roc
82%
Niveau 30 Roche Éboulement
82%
Niveau 48 Roche Lame de Roc
82%
Niveau 20 Acier Mur de Fer
82%
Départ Évolution Roche Rayon Gemme
82%
Niveau 16 Roche Anti-Air
73%
Niveau 12 Sol Coud'Boue
64%
Niveau 54 Normal Explosion
64%
Départ Sol Jet de Sable
64%
Niveau 42 Roche Tempête de Sable
55%
Niveau 24 Normal Coup d'Boule
45%
Départ Roche Piège de Roc
45%
Aucun quiz correspondant
Distribution des résultats
% des personnes avec chaque résultat
Percentile par nombre de réponses
Votre historique - résultats
Vous n’avez pas pris ce quiz